Подробности
| 000 -МАРКЕР |
| контрольное поле |
01555nam0a2200349 4500 |
| 001 - ИДЕНТИФИКАТОР ЗАПИСИ |
| контрольное поле |
RU\NLR\bibl\564405 |
| 005 - ИДЕНТИФИКАТОР ВЕРСИИ |
| контрольное поле |
20260405063439.0 |
| 010 ## - МЕЖДУНАРОДНЫЙ СТАНДАРТНЫЙ НОМЕР КНИГИ (ISBN) |
| Номер (ISBN) |
5-93614-003-2 |
| Тираж |
1000 |
| 035 ## - ДРУГИЕ СИСТЕМНЫЕ НОМЕРА |
| Идентификатор записи |
(NLR Aleph) 000556505 |
| 100 ## - ДАННЫЕ ОБЩЕЙ ОБРАБОТКИ |
| Данные общей обработки |
20041019d2000 |||y0rusy50 ca |
| 101 0# - ЯЗЫК РЕСУРСА |
| Язык текста, звукозаписи и т.д. |
русский |
| 102 ## - СТРАНА ПУБЛИКАЦИИ ИЛИ ПРОИЗВОДСТВА |
| Страна публикации |
Российская Федерация |
| 105 ## - ПОЛЕ КОДИРОВАННЫХ ДАННЫХ: ТЕКСТОВЫЕ МАТЕРИАЛЫ, МОНОГРАФИЧЕСКИЕ |
| Кодированные данные о монографическом текстовом документе |
a ||||||||| |
| 200 1# - ЗАГЛАВИЕ И СВЕДЕНИЯ ОБ ОТВЕТСТВЕННОСТИ |
| Основное заглавие |
Дело жизни судебного следователя Николая Соколова |
| Сведения, относящиеся к заглавию |
[О гибели царской семьи в Екатеринбурге] |
| Первые сведения об ответственности |
А.Н. Авдонин |
| 210 ## - ПУБЛИКАЦИЯ, РАСПРОСТРАНЕНИЕ И ДР. |
| Место издания, распространения и т.д. |
Екатеринбург |
| Имя издателя, распространителя и т. д. |
ЯВА |
| Дата издания, распространения и т.д. |
2000 |
| 215 ## - ФИЗИЧЕСКАЯ ХАРАКТЕРИСТИКА |
| Специфическое обозначение материала и объем |
87 с. |
| Другие сведения о физической характеристике |
ил., портр., факс. |
| Размеры |
20 |
| 300 ## - ОБЩИЕ ПРИМЕЧАНИЯ |
| Текст примечания |
В предисл. авт.: А.Н. Авдонин, д.г.-м.н. |
| 320 ## - ПРИМЕЧАНИЯ О НАЛИЧИИ В ДОКУМЕНТЕ БИБЛИОГРАФИИ / УКАЗАТЕЛЯ |
| Текст примечания |
Библиогр. в примеч.: с. 79-86 |
| 600 #1 - ИМЯ ЛИЦА КАК ПРЕДМЕТ |
| Начальный элемент ввода |
Соколов |
| Часть имени, кроме начального элемента ввода |
Н.А. |
| Даты |
1882 - 1924 |
| Расширение инициалов личного имени |
Николай Алексеевич |
| Системный номер авторитетной/нормативной записи |
2351896 |
| Идентификатор авторитетной/нормативной записи |
RU\NLR\auth\661405040 |
| 600 #1 - ИМЯ ЛИЦА КАК ПРЕДМЕТ |
| Начальный элемент ввода |
Соколов |
| Часть имени, кроме начального элемента ввода |
Н. А. |
| Даты |
1882-1924 |
| Расширение инициалов личного имени |
Николай Алексеевич |
| Код системы |
psbo |
| 602 ## - РОДОВОЕ ИМЯ КАК ПРЕДМЕТ |
| Начальный элемент ввода |
Романовы (династия) |
| Даты |
1613 - |
| Код системы |
psbo |
| 606 0# - НАИМЕНОВАНИЕ ТЕМЫ КАК ПРЕДМЕТ |
| Наименование темы |
Царская семья |
| Тематический подзаголовок |
Убийство |
| -- |
Расследование |
| Хронологический подзаголовок |
1918 - 1919 |
| Системный номер авторитетной/нормативной записи |
2351951 |
| Идентификатор авторитетной/нормативной записи |
RU\NLR\auth\661405073 |
| 686 ## - ИНДЕКСЫ ДРУГИХ КЛАССИФИКАЦИЙ |
| Индекс |
Х891.9(2)931 |
| 686 ## - ИНДЕКСЫ ДРУГИХ КЛАССИФИКАЦИЙ |
| Индекс |
Х2(2)712-62 |
| 700 #1 - ИМЯ ЛИЦА - ПЕРВИЧНАЯ ОТВЕТСТВЕННОСТЬ |
| Код отношения |
Автор |
| Материалы, к которым относится поле |
rus |
| Графика поля |
Кириллица |
| Начальный элемент ввода |
Авдонин |
| Часть имени, кроме начального элемента ввода |
А.Н. |
| Расширение инициалов личного имени |
Александр Николаевич |
| Идентификатор авторитетной/нормативной записи |
RU\NLR\auth\7721919 |
| Системный номер авторитетной/нормативной записи |
4980 |
| 801 #0 - ИСТОЧНИК ЗАПИСИ |
| Страна |
Российская Федерация |
| Организация |
NLR |
| Дата составления |
20041019 |
| Правила каталогизации |
PSBO |
| 801 #1 - ИСТОЧНИК ЗАПИСИ |
| Страна |
Российская Федерация |
| Организация |
NLR |
| Дата составления |
20041019 |
| 830 ## - ОБЩЕЕ ПРИМЕЧАНИЕ, СОСТАВЛЕННОЕ КАТАЛОГИЗАТОРОМ |
| Текст примечания |
перс. по кн. |
| 942 ## - ДОПОЛНИТЕЛЬНЫЕ ЭЛЕМЕНТЫ ЗАПИСИ (АБИС) |
| Тип экземпляра АБИС |
Книга |
| 980 ## - КОЛЛЕКЦИЯ |
| Название коллекции |
Национальная библиография |